Daño a la persona: valoración-cuantificación. Visión jurisprudencial
Sparad:
| Huvudupphovsmän: | , |
|---|---|
| Materialtyp: | Bok |
| Språk: | spanska |
| Publicerad: |
Córdoba
Nuevo Enfoque Jurídico
2009
|
| Upplaga: | 1a. ed |
| Ämnen: | |
| Taggar: |
Lägg till en tagg
Inga taggar, Lägg till första taggen!
|
MARC
| LEADER | 00000cam a2200000 a 4500 | ||
|---|---|---|---|
| 001 | UCE1616 | ||
| 003 | CL-VaPUC | ||
| 008 | 140502e20090000ag |||||||||||||||||spa|d | ||
| 020 | |a 9789872389840 | ||
| 082 | 0 | 4 | |a 345.02 |b ALF |2 21 |
| 100 | 0 | |a Alferillo, Pascual Eduardo |e author |9 573967 | |
| 700 | 0 | |a Pandiella, Juan Carlos |e author |9 573968 | |
| 245 | 1 | 0 | |a Daño a la persona: valoración-cuantificación. Visión jurisprudencial |
| 250 | |a 1a. ed | ||
| 300 | |a 480 p | ||
| 942 | |c BK | ||
| 945 | |d 20140502 10:02:00 |a dcastane | ||
| 260 | |a Córdoba |b Nuevo Enfoque Jurídico |c 2009 | ||
| 650 | 0 | |a Delitos |9 224143 | |
| 650 | 7 | |a DERECHO PENAL |2 CL-VaPUC |9 11 | |
| 650 | 0 | |a Código penal |9 255935 | |
| 650 | 7 | |a DAÑOS Y PERJUICIOS |2 CL-VaPUC |9 573969 | |
| 650 | 0 | |a Daño |9 383182 | |
| 583 | |a last modification |c 20140502 10:02:00 |k Rodrigo Vera | ||
| 999 | |c 355356 |d 355354 | ||
| 952 | |0 0 |1 0 |3 erb |4 0 |6 345_020000000000000_ALF_2009 |7 0 |8 A |9 462052 |a BIBDER |b BIBDER |i 5070023 |o 345.02 ALF 2009 |p 5070023 |r 2023-01-25 |w 2019-11-23 |y BK |z Catalogado en:20140502 |k DER | ||